PHYSIOLOGICAL ASPECTS OF CLINICAL CASES [FREE WITH TEXT BOOK] (Record no. 9025)

MARC details
000 -LEADER
fixed length control field 00494nam a22001817a 4500
005 - DATE AND TIME OF LATEST TRANSACTION
control field 20251204144121.0
008 - FIXED-LENGTH DATA ELEMENTS--GENERAL INFORMATION
fixed length control field 251203b |||||||| |||| 00| 0 eng d
020 ## - INTERNATIONAL STANDARD BOOK NUMBER
ISBN 978-81-19336-25-8
041 ## - LANGUAGE CODE
Language code of text/sound track or separate title eng
082 ## - DEWEY DECIMAL CLASSIFICATION NUMBER
Classification number 616.07 JAI-P
100 ## - MAIN ENTRY--AUTHOR NAME
Personal name JAIN, DR.A.K.
245 ## - TITLE STATEMENT
Title PHYSIOLOGICAL ASPECTS OF CLINICAL CASES [FREE WITH TEXT BOOK]
250 ## - EDITION STATEMENT
Edition statement 1ST ED 2023
260 ## - PUBLICATION, DISTRIBUTION, ETC. (IMPRINT)
Place of publication NEW DELHI
Name of publisher ARYA PUBLISHING COMPANY
300 ## - PHYSICAL DESCRIPTION
Number of Pages 146;P
650 ## - SUBJECT ADDED ENTRY--TOPICAL TERM
Topical Term PARAMEDICAL
General subdivision BMIRT
942 ## - ADDED ENTRY ELEMENTS (KOHA)
Koha item type Books
Holdings
Lost status Damaged status Collection code Home library Current library Shelving location Date acquired Source of acquisition Cost, normal purchase price Serial Enumeration / chronology Full call number Accession Number Koha item type
    PARAMEDICAL JRU Library JRU Library SHELF-105-C 01/12/2025 PURCHASE 300.00 LBI-000811/28-11-2025 616.07 JAI 29147 Books
    PARAMEDICAL JRU Library JRU Library SHELF-105-C 01/12/2025 PURCHASE 300.00 LBI-000811/28-11-2025 616.07 JAI 29148 Books
    PARAMEDICAL JRU Library JRU Library SHELF-105-C 01/12/2025 PURCHASE 300.00 LBI-000811/28-11-2025 616.07 JAI 29149 Books
    PARAMEDICAL JRU Library JRU Library SHELF-105-C 01/12/2025 PURCHASE 300.00 LBI-000811/28-11-2025 616.07 JAI 29150 Books
    PARAMEDICAL JRU Library JRU Library SHELF-105-C 01/12/2025 PURCHASE 300.00 LBI-000811/28-11-2025 616.07 JAI 29151 Books